Beginning E.Commerce (Record no. 347354)
[ view plain ]
| 000 -LEADER | |
|---|---|
| fixed length control field | 00283 a2200097 4500 |
| 090 ## - LOCALLY ASSIGNED LC-TYPE CALL NUMBER (OCLC); LOCAL CALL NUMBER (RLIN) | |
| -- | 4924 |
| -- | 4924 |
| 100 ## - MAIN ENTRY--PERSONAL NAME | |
| Personal name | Matthew Reynolds |
| 245 ## - TITLE STATEMENT | |
| Title | Beginning E.Commerce |
| Remainder of title | with vivsual Basic ASP,SQL Server 7.0 and MTS |
| 260 ## - PUBLICATION, DISTRIBUTION, ETC. | |
| Place of publication, distribution, etc. | Shroff Publishers |
| Name of publisher, distributor, etc. | Mumbi |
| Date of publication, distribution, etc. | 2000 |
| 942 ## - ADDED ENTRY ELEMENTS (KOHA) | |
| Institution code [OBSOLETE] | NBS |
| Koha item type | Book |
| Call number prefix | 658.8 REY |
| Withdrawn status | Lost status | Source of classification or shelving scheme | Damaged status | Not for loan | Permanent Location | Current Location | Date acquired | Full call number | Barcode | Date last seen | Price effective from | Koha item type |
|---|---|---|---|---|---|---|---|---|---|---|---|---|
| Central Library (CL) | Central Library (CL) | 08/28/2013 | 658.84 REY | NBS3525 | 08/28/2013 | 08/28/2013 | Book | |||||
| Central Library (CL) | Central Library (CL) | 08/28/2013 | 658.84 REY | NBS3456 | 08/28/2013 | 08/28/2013 | Book |
